| 000 | 00637nam a22001937a 4500 | ||
|---|---|---|---|
| 999 |
_c171026 _d171026 |
||
| 005 | 20200103104518.0 | ||
| 010 | _aA-645034 | ||
| 020 |
_c150.00 _a- |
||
| 035 | _aA-645034 | ||
| 037 | _bBPPD | ||
| 082 | _a841 | ||
| 100 | _aمحمد فا ر و قی | ||
| 245 |
_aکليا ت فا ر و ق _cمحمد فا ر و قی |
||
| 246 |
_aKulyat -e-Farooq (Urdu) _bby Mohd.Farooqui |
||
| 260 |
_aU.P. _c1992 ء _bNusrat Publishers |
||
| 270 |
_bLucknow _k- _e- _aHaideri Maeket, Aminabad |
||
| 300 |
_a460 ص _c22 cm(hb) |
||
| 942 |
_2ddc _cUR _h841 _mم ح م |
||